[Event "Grand Swiss "]
[Date "2025.09.14"]
[White "Vakhidov, Jakhongir"]
[Black "Suyarov, Mukhammadzokhid"]
[WhiteElo "2521"]
[BlackElo "2482"]
[Round "10.10.56"]
[Result "0-1"]

1. c4 {[%clk 01:40:56] [%emt 00:00:03]} e6 {[%clk 01:40:25] [%emt 00:00:35]} 2.
Nc3 {[%clk 01:41:19] [%emt 00:00:07]} Nf6 {[%clk 01:40:39] [%emt 00:00:16]} 3.
e4 {[%clk 01:41:42] [%emt 00:00:06]} d5 {[%clk 01:40:40] [%emt 00:00:29]} 4.
cxd5 {[%clk 01:40:11] [%emt 00:02:01]} exd5 {[%clk 01:41:01] [%emt 00:00:08]} 5.
e5 {[%clk 01:40:39] [%emt 00:00:03]} Ne4 {[%clk 01:40:49] [%emt 00:00:42]} 6.
Nf3 {[%clk 01:40:32] [%emt 00:00:37]} Bf5 {[%clk 01:40:09] [%emt 00:01:11]} 7.
d3 {[%clk 01:40:34] [%emt 00:00:27]} Nxc3 {[%clk 01:39:22] [%emt 00:01:17]} 8.
bxc3 {[%clk 01:40:59] [%emt 00:00:05]} c5 {[%clk 01:39:23] [%emt 00:00:29]} 9.
d4 {[%clk 01:41:23] [%emt 00:00:05]} c4 {[%clk 01:37:02] [%emt 00:02:52]} 10. a4
{[%clk 01:41:31] [%emt 00:00:22]} Nc6 {[%clk 01:37:06] [%emt 00:00:25]} 11. Be2
{[%clk 01:41:55] [%emt 00:00:07]} Be7 {[%clk 01:37:15] [%emt 00:00:21]} 12. O-O
{[%clk 01:42:19] [%emt 00:00:06]} O-O {[%clk 01:37:22] [%emt 00:00:23]} 13. Ne1
{[%clk 01:42:44] [%emt 00:00:05]} Na5 {[%clk 01:30:21] [%emt 00:07:32]} 14. g4
{[%clk 01:38:32] [%emt 00:04:42]} Be4 {[%clk 01:25:38] [%emt 00:05:12]} 15. f3
{[%clk 01:36:55] [%emt 00:02:07]} Bg6 {[%clk 01:17:48] [%emt 00:08:21]} 16. f4
{[%clk 00:40:09] [%emt 00:57:15]} Nb3 {[%clk 01:14:29] [%emt 00:03:49]} 17. Ra2
{[%clk 00:40:07] [%emt 00:00:32]} Bb1 {[%clk 01:14:13] [%emt 00:00:46]} 18. Rb2
{[%clk 00:34:14] [%emt 00:06:24]} Be4 {[%clk 01:14:11] [%emt 00:00:31]} 19. Bf3
{[%clk 00:31:44] [%emt 00:03:01]} Bxf3 {[%clk 00:55:23] [%emt 00:19:17]} 20.
Nxf3 {[%clk 00:32:08] [%emt 00:00:06]} Nxc1 {[%clk 00:53:04] [%emt 00:02:51]}
21. Qxc1 {[%clk 00:32:33] [%emt 00:00:04]} Ba3 {[%clk 00:53:28] [%emt 00:00:05]}
22. Qc2 {[%clk 00:32:22] [%emt 00:00:41]} Bxb2 {[%clk 00:53:48] [%emt 00:00:11]}
23. Ng5 {[%clk 00:32:26] [%emt 00:00:26]} g6 {[%clk 00:52:31] [%emt 00:01:47]}
24. Qxb2 {[%clk 00:32:47] [%emt 00:00:09]} Qe7 {[%clk 00:44:58] [%emt 00:08:02]}
25. Qg2 {[%clk 00:28:25] [%emt 00:04:50]} Rad8 {[%clk 00:42:47] [%emt 00:02:44]}
26. Nf3 {[%clk 00:06:50] [%emt 00:22:04]} f6 {[%clk 00:42:29] [%emt 00:00:48]}
27. f5 {[%clk 00:03:36] [%emt 00:03:44]} gxf5 {[%clk 00:35:33] [%emt 00:07:26]}
28. gxf5+ {[%clk 00:04:02] [%emt 00:00:04]} Kh8 {[%clk 00:30:57] [%emt
00:05:06]} 29. Qh3 {[%clk 00:03:37] [%emt 00:00:53]} Rg8+ {[%clk 00:30:59] [%emt
00:00:31]} 30. Kh1 {[%clk 00:04:04] [%emt 00:00:02]} Rdf8 {[%clk 00:31:06] [%emt
00:00:23]} 31. Re1 {[%clk 00:02:42] [%emt 00:01:51]} Qg7 {[%clk 00:29:53] [%emt
00:01:44]} 32. Rg1 {[%clk 00:01:43] [%emt 00:01:29]} Qd7 {[%clk 00:25:51] [%emt
00:04:32]} 33. Rf1 {[%clk 00:01:54] [%emt 00:00:18]} Rg7 {[%clk 00:21:31] [%emt
00:04:51]} 34. exf6 {[%clk 00:02:05] [%emt 00:00:20]} Rxf6 {[%clk 00:21:31]
[%emt 00:00:29]} 35. Ne5 {[%clk 00:02:34]} Qxa4 {[%clk 00:17:37] [%emt
00:04:25]} 36. Ng4 {[%clk 00:02:59] [%emt 00:00:05]} Rf8 {[%clk 00:17:35] [%emt
00:00:31]} 37. f6 {[%clk 00:03:23] [%emt 00:00:06]} Rgg8 {[%clk 00:17:05] [%emt
00:01:00]} 38. Ne5 {[%clk 00:01:08] [%emt 00:02:46]} Qc2 {[%clk 00:13:41] [%emt
00:03:54]} 39. Qf3 {[%clk 00:01:36] [%emt 00:00:02]} Qe4 {[%clk 00:08:21] [%emt
00:05:50]} 40. Qxe4 {[%clk 00:01:53] [%emt 00:00:14]} dxe4 {[%clk 00:08:38]
[%emt 00:00:12]} 41. Nxc4 {[%clk 00:33:53] [%emt 00:18:29]} Rg6 {[%clk 00:55:15]
[%emt 00:03:53]} 42. f7 {[%clk 00:34:16] [%emt 00:00:07]} Rc6 {[%clk 00:53:37]
[%emt 00:02:08]} 43. Ne5 {[%clk 00:34:37] [%emt 00:00:09]} Rxc3 {[%clk 00:53:58]
[%emt 00:00:09]} 44. Kg2 {[%clk 00:31:17] [%emt 00:03:50]} Kg7 {[%clk 00:37:17]
[%emt 00:17:11]} 45. Rf4 {[%clk 00:29:42] [%emt 00:02:06]} Rf3 {[%clk 00:37:04]
[%emt 00:00:44]} 46. Rg4+ {[%clk 00:25:51] [%emt 00:04:21]} Kf6 {[%clk 00:34:10]
[%emt 00:03:21]} 47. Nxf3 {[%clk 00:26:13] [%emt 00:00:10]} exf3+ {[%clk
00:34:34] [%emt 00:00:06]} 48. Kxf3 {[%clk 00:26:40] [%emt 00:00:03]} Rxf7
{[%clk 00:32:34] [%emt 00:02:30]} 49. Ke4 {[%clk 00:26:43] [%emt 00:00:27]} Ke6
{[%clk 00:30:03] [%emt 00:03:01]} 50. Rh4 {[%clk 00:26:07] [%emt 00:01:05]} Kd6
{[%clk 00:27:36] [%emt 00:02:57]} 51. Rh6+ {[%clk 00:26:30] [%emt 00:00:07]} Kc7
{[%clk 00:28:00] [%emt 00:00:06]} 52. Kd5 {[%clk 00:26:33] [%emt 00:00:26]} b6
{[%clk 00:25:18] [%emt 00:03:14]} 53. h4 {[%clk 00:21:35] [%emt 00:05:27]} a5
{[%clk 00:22:26] [%emt 00:03:22]} 54. Rh5 {[%clk 00:16:45] [%emt 00:05:19]} a4
{[%clk 00:05:33] [%emt 00:17:24]} 55. Kc4 {[%clk 00:16:55] [%emt 00:00:19]} a3
{[%clk 00:05:54] [%emt 00:00:09]} 56. Kb3 {[%clk 00:17:05] [%emt 00:00:20]} Rf3+
{[%clk 00:05:09] [%emt 00:01:16]} 57. Ka2 {[%clk 00:17:30] [%emt 00:00:05]} Kc6
{[%clk 00:03:48] [%emt 00:01:52]} 58. Rxh7 {[%clk 00:01:46] [%emt 00:16:14]} b5
{[%clk 00:04:04] [%emt 00:00:13]} 59. Rh8 {[%clk 00:00:56] [%emt 00:01:19]} Kd5
{[%clk 00:03:12] [%emt 00:01:23]} 60. Ra8 {[%clk 00:00:39] [%emt 00:00:47]} b4
{[%clk 00:03:08] [%emt 00:00:34]} 61. Rd8+ {[%clk 00:14:58] [%emt 00:01:10]} Kc4
{[%clk 00:16:52] [%emt 00:01:47]} 62. Rc8+ {[%clk 00:14:31] [%emt 00:00:57]} Kd3
{[%clk 00:16:26] [%emt 00:00:56]} 63. Kb3 {[%clk 00:02:57] [%emt 00:12:04]} Rf1
{[%clk 00:15:43] [%emt 00:01:12]} 64. Rg8 {[%clk 00:03:11] [%emt 00:00:15]} Rb1+
{[%clk 00:15:36] [%emt 00:00:37]} 65. Ka2 {[%clk 00:03:40] [%emt 00:00:02]} Rb2+
{[%clk 00:15:58] [%emt 00:00:07]} 66. Ka1 {[%clk 00:04:06] [%emt 00:00:03]} Rd2
{[%clk 00:14:34] [%emt 00:01:54]} 67. Rg3+ {[%clk 00:03:30] [%emt 00:01:06]} Kc4
{[%clk 00:14:50] [%emt 00:00:14]} 68. d5 {[%clk 00:03:49] [%emt 00:00:11]} b3
{[%clk 00:15:05] [%emt 00:00:15]} 69. Rg1 {[%clk 00:02:42] [%emt 00:01:37]} a2
{[%clk 00:14:50] [%emt 00:00:46]} 0-1

[Site "Europe Echecs"]

[Event "Grand Swiss "]
[Date "2025.09.14"]
[White "Indjic, Aleksandar"]
[Black "Divya Deshmukh"]
[WhiteElo "2650"]
[BlackElo "2478"]
[Round "10.10.57"]
[Result "1/2-1/2"]

1. d4 {[%clk 01:40:45] [%emt 00:00:13]} d5 {[%clk 01:40:50] [%emt 00:00:11]} 2.
c4 {[%clk 01:41:07] [%emt 00:00:08]} e6 {[%clk 01:41:13] [%emt 00:00:07]} 3. Nc3
{[%clk 01:41:31] [%emt 00:00:06]} c5 {[%clk 01:41:36] [%emt 00:00:07]} 4. cxd5
{[%clk 01:41:49] [%emt 00:00:12]} exd5 {[%clk 01:41:57] [%emt 00:00:09]} 5. Nf3
{[%clk 01:42:12] [%emt 00:00:06]} Nc6 {[%clk 01:42:21] [%emt 00:00:07]} 6. a3
{[%clk 01:32:59] [%emt 00:09:43]} Nf6 {[%clk 01:39:28] [%emt 00:03:23]} 7. g3
{[%clk 01:32:27] [%emt 00:01:02]} cxd4 {[%clk 01:35:07] [%emt 00:04:51]} 8. Nxd4
{[%clk 01:32:12] [%emt 00:00:45]} Bc5 {[%clk 01:35:32] [%emt 00:00:05]} 9. Be3
{[%clk 01:31:41] [%emt 00:01:01]} Bb6 {[%clk 01:35:58] [%emt 00:00:05]} 10. Bg2
{[%clk 01:29:02] [%emt 00:03:08]} O-O {[%clk 01:28:29] [%emt 00:07:58]} 11. O-O
{[%clk 01:27:56] [%emt 00:01:36]} h5 {[%clk 01:28:32] [%emt 00:00:28]} 12. Na4
{[%clk 01:20:56] [%emt 00:07:30]} Ng4 {[%clk 01:23:51] [%emt 00:05:11]} 13. Nxc6
{[%clk 01:20:56] [%emt 00:00:30]} bxc6 {[%clk 01:24:12] [%emt 00:00:09]} 14. Bc5
{[%clk 01:18:31] [%emt 00:02:55]} Re8 {[%clk 01:22:09] [%emt 00:02:34]} 15. h3
{[%clk 01:11:12] [%emt 00:07:49]} Nf6 {[%clk 01:21:34] [%emt 00:01:03]} 16. Rc1
{[%clk 00:59:15] [%emt 00:12:29]} Ba6 {[%clk 01:15:00] [%emt 00:07:04]} 17. Re1
{[%clk 00:54:36] [%emt 00:05:09]} Ne4 {[%clk 01:12:17] [%emt 00:03:13]} 18. Bd4
{[%clk 00:54:37] [%emt 00:00:29]} Bb5 {[%clk 01:09:19] [%emt 00:03:29]} 19. Nc5
{[%clk 00:55:00] [%emt 00:00:07]} Bxc5 {[%clk 00:54:40] [%emt 00:15:09]} 20.
Bxc5 {[%clk 00:54:41] [%emt 00:00:49]} Bc4 {[%clk 00:53:44] [%emt 00:01:25]} 21.
b3 {[%clk 00:47:17] [%emt 00:07:54]} Nxc5 {[%clk 00:52:26] [%emt 00:01:48]} 22.
bxc4 {[%clk 00:47:42] [%emt 00:00:06]} Ne4 {[%clk 00:52:19] [%emt 00:00:36]} 23.
e3 {[%clk 00:47:01] [%emt 00:01:11]} Qf6 {[%clk 00:47:12] [%emt 00:05:37]} 24.
Qf3 {[%clk 00:45:47] [%emt 00:01:44]} Qxf3 {[%clk 00:38:46] [%emt 00:08:56]} 25.
Bxf3 {[%clk 00:43:36] [%emt 00:02:41]} Nd2 {[%clk 00:38:42] [%emt 00:00:34]} 26.
Bxh5 {[%clk 00:38:32] [%emt 00:05:34]} Nxc4 {[%clk 00:38:51] [%emt 00:00:21]}
27. Be2 {[%clk 00:38:57] [%emt 00:00:05]} Ne5 {[%clk 00:31:15] [%emt 00:08:07]}
28. f4 {[%clk 00:39:08] [%emt 00:00:18]} Nd7 {[%clk 00:26:52] [%emt 00:04:51]}
29. Bf3 {[%clk 00:39:28] [%emt 00:00:12]} Rac8 {[%clk 00:25:53] [%emt 00:01:29]}
30. e4 {[%clk 00:36:55] [%emt 00:03:02]} dxe4 {[%clk 00:25:27] [%emt 00:00:57]}
31. Rxe4 {[%clk 00:37:18] [%emt 00:00:06]} Rxe4 {[%clk 00:23:06] [%emt
00:02:52]} 32. Bxe4 {[%clk 00:37:05] [%emt 00:00:44]} c5 {[%clk 00:23:11] [%emt
00:00:25]} 33. Bf5 {[%clk 00:37:28] [%emt 00:00:06]} Rc7 {[%clk 00:23:37] [%emt
00:00:04]} 34. Rd1 {[%clk 00:36:13] [%emt 00:01:44]} Nf8 {[%emt 00:00:40]} 35.
Rd8 {[%clk 00:34:45] [%emt 00:01:22]} g6 {[%clk 00:22:09] [%emt 00:02:25]} 36.
Bc2 {[%clk 00:35:09] [%emt 00:00:06]} Kg7 {[%clk 00:17:40] [%emt 00:04:59]} 37.
f5 {[%emt 00:05:20]} gxf5 {[%clk 00:14:54]} 38. Bxf5 {[%clk 00:33:58] [%emt
00:00:05]} Ne6 {[%clk 00:12:36] [%emt 00:02:49]} 39. Bxe6 {[%clk 00:34:11] [%emt
00:00:17]} fxe6 {[%clk 00:13:04] [%emt 00:00:02]} 40. Kf2 {[%clk 00:34:21] [%emt
00:00:19]} c4 {[%clk 00:07:04] [%emt 00:06:31]} 41. Ke2 {[%clk 00:34:22] [%emt
00:00:28]} 1/2-1/2

[Site "Europe Echecs"]

[Event "Grand Swiss "]
[Date "2025.09.14"]
[White "Hammer, Jon Ludvig"]
[Black "Olisa, Tennyson Ewomazino"]
[WhiteElo "2618"]
[BlackElo "2287"]
[Round "10.10.58"]
[Result "1-0"]

1. d4 {[%clk 01:40:58] [%emt 00:00:01]} Nf6 {[%clk 01:40:20] [%emt 00:00:40]} 2.
c4 {[%clk 01:41:22] [%emt 00:00:06]} e6 {[%clk 01:40:30] [%emt 00:00:21]} 3. Nf3
{[%clk 01:41:44] [%emt 00:00:07]} b6 {[%clk 01:40:39] [%emt 00:00:22]} 4. g3
{[%clk 01:42:05] [%emt 00:00:08]} Ba6 {[%clk 01:40:06] [%emt 00:01:05]} 5. Qc2
{[%clk 01:39:57] [%emt 00:02:37]} Bb4+ {[%clk 01:40:03] [%emt 00:00:32]} 6. Bd2
{[%clk 01:37:45] [%emt 00:02:43]} Be7 {[%clk 01:39:12] [%emt 00:01:21]} 7. e4
{[%clk 01:35:01] [%emt 00:03:13]} d5 {[%clk 01:39:07] [%emt 00:00:36]} 8. cxd5
{[%clk 01:35:23] [%emt 00:00:08]} Bxf1 {[%clk 01:39:25] [%emt 00:00:12]} 9. Kxf1
{[%clk 01:35:40] [%emt 00:00:13]} exd5 {[%clk 01:39:45] [%emt 00:00:10]} 10. e5
{[%clk 01:36:04] [%emt 00:00:06]} Ne4 {[%clk 01:39:49] [%emt 00:00:26]} 11. Nc3
{[%clk 01:32:33] [%emt 00:04:00]} Nxd2+ {[%clk 01:37:05] [%emt 00:03:15]} 12.
Qxd2 {[%clk 01:30:34] [%emt 00:02:29]} O-O {[%clk 01:32:23] [%emt 00:05:12]} 13.
Ne2 {[%clk 01:27:07] [%emt 00:03:57]} Re8 {[%clk 01:31:21] [%emt 00:01:32]} 14.
Nf4 {[%clk 01:24:17] [%emt 00:03:20]} Bf8 {[%clk 01:30:49] [%emt 00:01:02]} 15.
h4 {[%clk 01:22:23] [%emt 00:02:24]} c6 {[%clk 01:19:45] [%emt 00:11:34]} 16.
Qc2 {[%clk 01:10:52] [%emt 00:12:01]} c5 {[%clk 00:54:31] [%emt 00:25:44]} 17.
Ng5 {[%clk 01:08:50] [%emt 00:02:32]} g6 {[%clk 00:54:13] [%emt 00:00:49]} 18.
Nxh7 {[%clk 01:08:30] [%emt 00:00:50]} Bg7 {[%clk 00:51:03] [%emt 00:03:39]} 19.
h5 {[%clk 01:01:24] [%emt 00:07:36]} g5 {[%clk 00:50:53] [%emt 00:00:40]} 20. h6
{[%clk 01:01:31] [%emt 00:00:23]} Bh8 {[%clk 00:51:02] [%emt 00:00:21]} 21. Qf5
{[%clk 01:01:32]} 1-0

[Site "Europe Echecs"]

[Event "Grand Swiss "]
[Date "2025.09.15"]
[White "Bluebaum, Matthias"]
[Black "Firouzja, Alireza"]
[WhiteElo "2671"]
[BlackElo "2754"]
[Round "11.11.1"]
[Result "1/2-1/2"]

1. d4 {[%clk 01:40:57] [%emt 00:00:02]} f5 {[%clk 01:40:55] [%emt 00:00:06]} 2.
c4 {[%clk 01:41:20] [%emt 00:00:07]} Nf6 {[%clk 01:41:20] [%emt 00:00:05]} 3.
Nf3 {[%clk 01:41:46] [%emt 00:00:04]} g6 {[%clk 01:41:44] [%emt 00:00:06]} 4.
Nc3 {[%clk 01:42:12] [%emt 00:00:04]} Bg7 {[%clk 01:41:11] [%emt 00:01:03]} 5.
b4 {[%clk 01:42:21] [%emt 00:00:21]} b6 {[%clk 01:34:58] [%emt 00:06:43]} 6. e3
{[%clk 01:41:43] [%emt 00:01:08]} Bb7 {[%clk 01:28:29] [%emt 00:06:59]} 7. Be2
{[%clk 01:41:33] [%emt 00:00:40]} O-O {[%clk 01:28:52] [%emt 00:00:07]} 8. O-O
{[%clk 01:41:55] [%emt 00:00:08]} e6 {[%clk 01:28:14] [%emt 00:01:09]} 9. a4
{[%clk 01:37:41] [%emt 00:04:44]} a5 {[%clk 01:24:11] [%emt 00:04:32]} 10. bxa5
{[%clk 01:33:44] [%emt 00:04:27]} Rxa5 {[%clk 01:18:24] [%emt 00:06:18]} 11. Qb3
{[%clk 01:32:46] [%emt 00:01:27]} Ne4 {[%clk 00:58:22] [%emt 00:20:32]} 12. Nxe4
{[%clk 01:17:34] [%emt 00:15:43]} fxe4 {[%clk 00:50:45] [%emt 00:08:06]} 13. Nd2
{[%clk 01:17:58] [%emt 00:00:07]} c5 {[%clk 00:49:34] [%emt 00:01:41]} 14. Bb2
{[%clk 01:10:07] [%emt 00:08:21]} cxd4 {[%clk 00:48:02] [%emt 00:02:02]} 15.
Bxd4 {[%clk 01:06:18] [%emt 00:04:19]} Bxd4 {[%clk 00:48:22] [%emt 00:00:09]}
16. exd4 {[%clk 01:06:45] [%emt 00:00:04]} Nc6 {[%clk 00:47:46] [%emt 00:01:06]}
17. Qe3 {[%clk 01:06:10] [%emt 00:01:05]} Ne7 {[%clk 00:40:34] [%emt 00:07:42]}
18. d5 {[%clk 00:58:22] [%emt 00:08:18]} exd5 {[%clk 00:33:07] [%emt 00:07:57]}
19. cxd5 {[%clk 00:58:11] [%emt 00:00:41]} Bxd5 {[%clk 00:31:42] [%emt
00:01:55]} 20. Bc4 {[%clk 00:55:55] [%emt 00:02:46]} Rf7 {[%clk 00:31:08] [%emt
00:01:05]} 21. Bxd5 {[%clk 00:55:33] [%emt 00:00:52]} Nxd5 {[%clk 00:30:06]
[%emt 00:01:32]} 22. Qxe4 {[%clk 00:55:56] [%emt 00:00:07]} Nf4 {[%clk 00:30:23]
[%emt 00:00:13]} 23. Nf3 {[%clk 00:49:46] [%emt 00:06:40]} Qf6 {[%clk 00:29:25]
[%emt 00:01:28]} 24. Rab1 {[%clk 00:44:46] [%emt 00:05:30]} Rf5 {[%clk 00:26:20]
[%emt 00:03:35]} 25. Rb3 {[%clk 00:30:14] [%emt 00:15:03]} d5 {[%clk 00:23:35]
[%emt 00:03:14]} 26. Qb4 {[%clk 00:29:37] [%emt 00:01:07]} Nxg2 {[%clk 00:08:33]
[%emt 00:15:32]} 27. Qxb6 {[%clk 00:29:36] [%emt 00:00:31]} Qxb6 {[%clk
00:08:15] [%emt 00:00:48]} 28. Rxb6 {[%clk 00:30:03] [%emt 00:00:03]} Nf4 {[%clk
00:08:37] [%emt 00:00:08]} 29. Nd4 {[%clk 00:27:21] [%emt 00:03:11]} Re5 {[%clk
00:08:29] [%emt 00:00:38]} 30. f3 {[%clk 00:26:33] [%emt 00:01:18]} Rc7 {[%clk
00:05:06] [%emt 00:03:54]} 31. a5 {[%clk 00:19:02] [%emt 00:08:01]} Rc4 {[%clk
00:05:13] [%emt 00:00:22]} 32. a6 {[%clk 00:17:27] [%emt 00:02:06]} Ra4 {[%clk
00:05:16] [%emt 00:00:26]} 33. h4 {[%clk 00:14:48] [%emt 00:03:10]} Kg7 {[%clk
00:04:29] [%emt 00:01:17]} 34. Rb7+ {[%clk 00:10:12] [%emt 00:05:06]} Kh6 {[%clk
00:04:56] [%emt 00:00:02]} 35. a7 {[%clk 00:10:31] [%emt 00:00:12]} Ra2 {[%clk
00:04:41] [%emt 00:00:45]} 36. Rfb1 {[%clk 00:10:38] [%emt 00:00:23]} Ne2+
{[%clk 00:03:34] [%emt 00:01:36]} 37. Nxe2 {[%clk 00:11:04] [%emt 00:00:05]}
Rexe2 {[%clk 00:04:02] [%emt 00:00:03]} 38. Rd7 {[%clk 00:06:32] [%emt
00:05:02]} Red2 {[%clk 00:02:40] [%emt 00:01:52]} 39. Re1 {[%clk 00:04:19] [%emt
00:02:42]} d4 {[%clk 00:00:36] [%emt 00:02:35]} 40. Kf1 {[%clk 00:01:06] [%emt
00:03:42]} Rh2 {[%clk 00:00:34] [%emt 00:00:32]} 41. Re2 {[%clk 00:41:06] [%emt
00:10:30]} Ra1+ {[%clk 00:45:40] [%emt 00:05:24]} 42. Re1 {[%clk 00:41:35] [%emt
00:00:02]} Rh1+ {[%clk 00:42:25] [%emt 00:03:45]} 43. Kf2 {[%clk 00:42:03] [%emt
00:00:02]} Rhxe1 {[%clk 00:42:46] [%emt 00:00:09]} 44. a8=Q {[%clk 00:42:26]
[%emt 00:00:06]} Rxa8 {[%clk 00:42:49] [%emt 00:00:26]} 45. Kxe1 {[%clk
00:42:52] [%emt 00:00:04]} Ra2 {[%clk 00:40:16] [%emt 00:03:03]} 46. Rxd4 {[%clk
00:42:27] [%emt 00:00:56]} Rh2 {[%clk 00:39:47] [%emt 00:00:59]} 47. Kf1 {[%clk
00:42:39] [%emt 00:00:19]} Kh5 {[%clk 00:40:08] [%emt 00:00:09]} 48. Rd7 {[%clk
00:43:04] [%emt 00:00:06]} h6 {[%clk 00:40:29] [%emt 00:00:08]} 49. Kg1 {[%clk
00:42:58] [%emt 00:00:36]} Rxh4 {[%clk 00:40:52] [%emt 00:00:07]} 50. Rd5+
{[%clk 00:43:26] [%emt 00:00:03]} g5 {[%clk 00:41:15] [%emt 00:00:07]} 51. Rd6
{[%clk 00:43:50] [%emt 00:00:06]} Rf4 {[%clk 00:40:45] [%emt 00:00:59]} 52. Kg2
{[%clk 00:43:57] [%emt 00:00:22]} Rf8 {[%clk 00:41:13] [%emt 00:00:02]} 53. Kg3
{[%clk 00:44:21] [%emt 00:00:06]} Rg8 {[%clk 00:41:32] [%emt 00:00:11]} 54. Ra6
{[%clk 00:44:28] [%emt 00:00:24]} Rg6 {[%clk 00:41:51] [%emt 00:00:10]} 55. Rxg6
{[%clk 00:44:45] [%emt 00:00:13]} Kxg6 {[%clk 00:42:17] [%emt 00:00:04]} 56. f4
{[%clk 00:45:12] [%emt 00:00:03]} gxf4+ {[%clk 00:42:40] [%emt 00:00:07]}
1/2-1/2

[Site "Europe Echecs"]

[Event "Grand Swiss "]
[Date "2025.09.15"]
[White "Giri, Anish"]
[Black "Niemann, Hans Moke"]
[WhiteElo "2746"]
[BlackElo "2733"]
[Round "11.11.2"]
[Result "1-0"]

1. c4 {[%clk 01:40:57] [%emt 00:00:02]} Nf6 {[%clk 01:37:51] [%emt 00:03:08]} 2.
Nc3 {[%clk 01:41:07] [%emt 00:00:21]} e5 {[%clk 01:38:01] [%emt 00:00:21]} 3.
Nf3 {[%clk 01:41:27] [%emt 00:00:10]} Nc6 {[%clk 01:38:23] [%emt 00:00:07]} 4.
e3 {[%clk 01:41:51] [%emt 00:00:06]} Bb4 {[%clk 01:35:55] [%emt 00:02:58]} 5.
Qc2 {[%clk 01:41:59] [%emt 00:00:22]} Bxc3 {[%clk 01:34:40] [%emt 00:01:45]} 6.
Qxc3 {[%clk 01:42:19] [%emt 00:00:10]} Qe7 {[%clk 01:34:37] [%emt 00:00:33]} 7.
a3 {[%clk 01:42:18] [%emt 00:00:32]} d5 {[%clk 01:30:15] [%emt 00:04:52]} 8. d4
{[%clk 01:41:39] [%emt 00:01:08]} exd4 {[%clk 01:27:58] [%emt 00:02:49]} 9. Nxd4
{[%clk 01:41:56] [%emt 00:00:13]} Nxd4 {[%clk 01:28:21] [%emt 00:00:07]} 10.
Qxd4 {[%clk 01:42:23] [%emt 00:00:03]} c5 {[%clk 01:28:42] [%emt 00:00:08]} 11.
Qh4 {[%clk 01:42:08] [%emt 00:00:36]} Be6 {[%clk 01:06:15] [%emt 00:23:05]} 12.
cxd5 {[%clk 01:40:51] [%emt 00:01:48]} Nxd5 {[%clk 01:05:43] [%emt 00:01:01]}
13. Bb5+ {[%clk 01:41:05] [%emt 00:00:16]} Bd7 {[%clk 01:04:04] [%emt 00:02:09]}
14. Qxe7+ {[%clk 01:36:37] [%emt 00:04:59]} Nxe7 {[%clk 01:04:08] [%emt
00:00:23]} 15. Be2 {[%clk 01:34:36] [%emt 00:02:33]} Rc8 {[%clk 01:03:20] [%emt
00:01:17]} 16. f3 {[%clk 01:20:31] [%emt 00:14:35]} f6 {[%clk 00:59:26] [%emt
00:04:24]} 17. Kf2 {[%clk 01:18:35] [%emt 00:02:26]} Kf7 {[%clk 00:59:24] [%emt
00:00:32]} 18. Rd1 {[%clk 01:07:54] [%emt 00:11:11]} Be6 {[%clk 00:56:24] [%emt
00:03:29]} 19. h4 {[%clk 00:58:12] [%emt 00:10:12]} b6 {[%clk 00:52:35] [%emt
00:04:20]} 20. e4 {[%emt 00:16:00]} Nc6 {[%clk 00:51:33] [%emt 00:01:23]} 21.
Be3 {[%clk 00:42:52] [%emt 00:00:29]} Na5 {[%clk 00:49:55] [%emt 00:02:06]} 22.
Rd6 {[%clk 00:41:04] [%emt 00:02:19]} Rhe8 {[%clk 00:35:22] [%emt 00:15:03]} 23.
g4 {[%clk 00:29:16] [%emt 00:12:18]} Nb7 {[%clk 00:30:06] [%emt 00:05:46]} 24.
Rd2 {[%clk 00:29:23]} Na5 {[%clk 00:30:16] [%emt 00:00:43]} 25. Rd6 {[%clk
00:29:44]} Nb7 {[%clk 00:30:37] [%emt 00:00:18]} 26. Rdd1 {[%clk 00:25:41]} Na5
{[%clk 00:30:33] [%emt 00:05:06]} 27. Rac1 {[%clk 00:24:14]} Ke7 {[%clk
00:21:25] [%emt 00:11:36]} 28. Ba6 {[%clk 00:22:18]} Rcd8 {[%clk 00:18:48] [%emt
00:05:33]} 29. Rxd8 {[%clk 00:20:35]} Rxd8 {[%clk 00:19:15] [%emt 00:02:17]} 30.
b4 {[%clk 00:20:52]} Nb3 {[%clk 00:18:36] [%emt 00:01:22]} 31. Rc3 {[%clk
00:21:16]} Rd6 {[%clk 00:11:12] [%emt 00:07:59]} 32. bxc5 {[%clk 00:16:00]} bxc5
{[%clk 00:11:31] [%emt 00:05:58]} 33. Rxb3 {[%clk 00:07:28]} Bxb3 {[%clk
00:07:57] [%emt 00:13:06]} 34. Bxc5 {[%clk 00:07:54]} Kd7 {[%clk 00:07:36] [%emt
00:00:54]} 35. Bxd6 {[%clk 00:07:40]} Kxd6 {[%clk 00:07:36]} 36. g5 {[%emt
00:02:13]} Be6 {[%clk 00:06:56] [%emt 00:01:34]} 37. Ke3 {[%clk 00:06:09] [%emt
00:01:08]} Kc5 {[%clk 00:07:25] [%emt 00:00:02]} 38. Kf4 {[%clk 00:05:30] [%emt
00:01:09]} Kd4 {[%clk 00:07:51] [%emt 00:00:03]} 39. gxf6 {[%emt 00:01:59]} gxf6
{[%clk 00:08:16] [%emt 00:00:03]} 40. a4 {[%emt 00:05:47]} h6 {[%emt 00:00:51]}
41. a5 {[%clk 00:04:11]} Bd7 {[%clk 00:01:31] [%emt 00:01:58]} 42. Be2 {[%clk
00:42:25] [%emt 00:12:16]} Kc5 {[%clk 00:48:22] [%emt 00:03:40]} 43. e5 {[%clk
00:41:09] [%emt 00:01:46]} Kd5 {[%clk 00:48:43] [%emt 00:00:08]} 44. exf6 {[%clk
00:40:43] [%emt 00:00:57]} Ke6 {[%clk 00:49:09] [%emt 00:00:04]} 45. f7 {[%clk
00:41:03] [%emt 00:00:09]} Kxf7 {[%clk 00:49:34] [%emt 00:00:04]} 46. Ke5 {[%clk
00:41:32] [%emt 00:00:02]} 1-0

[Site "Europe Echecs"]